Φορτώνει......
Microbe Hunders
| Κύριος συγγραφέας: | |
|---|---|
| Μορφή: | Printed Book |
| Γλώσσα: | Undetermined English |
| Έκδοση: |
New York
Pocket Books Inc.
1926
|
| Θέματα: |
| LEADER | 00539nam a2200181Ia 4500 | ||
|---|---|---|---|
| 008 | 140306s9999 xx 000 0 und d | ||
| 041 | |a eng | ||
| 082 | |a 576 |b KRU | ||
| 100 | |a Kruiff, Paulde | ||
| 245 | |a Microbe Hunders | ||
| 260 | |a New York |b Pocket Books Inc. |c 1926 | ||
| 300 | |a 350 | ||
| 650 | |a Guinae Pigs | ||
| 650 | |a Microbes | ||
| 650 | |a Microbes-parents | ||
| 942 | |2 ddc |c BK | ||
| 999 | |c 72368 |d 72368 | ||
| 952 | |0 0 |1 0 |2 ddc |4 0 |6 576_000000000000000_KRU |7 0 |9 78719 |a KAUACV |b KAUACV |d 2004-06-17 |o 576 KRU |p KAU_ACV-1115 |r 2014-03-22 |w 2014-03-22 |y BK | ||